| 000 | 00630nam a22001931a 4500 | ||
|---|---|---|---|
| 001 | 11314 | ||
| 003 | OSt | ||
| 005 | 20260204212238.0 | ||
| 008 | 120623s2009||||dr ||||||b||||||||||spa|| | ||
| 020 | _a9789945448108 | ||
| 050 | _aRD 632.97293 D541f | ||
| 245 | _aDiagnóstico fitosanitario: en cuatro subzonas de la provincia La Vega / José Richard Ortíz y (Coord.) | ||
| 264 | _aSanto Domingo : Corripio | ||
| 300 | _a64 p | ||
| 500 | _aIncluye bibliografía | ||
| 650 | _aAgricultura - República Dominicana 2.Diagnóstico y Control de Playas en agricultura | ||
| 700 | _aOrtíz, José Richard II.tilÌ | ||
| 942 |
_2ddc _cBK |
||
| 999 |
_c11314 _d11314 |
||